00425nam a2200157Ia 45000010006000000050017000060080041000230410008000640820018000721000024000902450095001142600009002093000033002186500008002516540008002591802420260306171600.0260306s9999||||xx |||||||||||||| ||und|| aESP a658.3145bT63 aTjosvold, DeaneAUT 0aEl conflicto positivo en la organización:bcómo estimular la diversidad y crear unidad c1993 axiv, 194 páginas :c21 cm. aGEN aCAN